[Event "Warsaw YMCA Summer-C 204th"]
[Site "Warsaw"]
[Date "2018.08.02"]
[Round "8"]
[White "Sloniewski, Krzysztof"]
[Black "Sloniewski, Jakub"]
[Result "0-1"]
[WhiteElo "1117"]
[BlackElo "1080"]
[PlyCount "58"]
[EventDate "2018.07.03"]
[EventType "tourn"]
[EventRounds "10"]
[EventCountry "POL"]
[SourceTitle "EXT 2021"]
[Source "ChessBase"]
[SourceDate "2020.10.23"]
[SourceVersion "1"]
[SourceVersionDate "2020.10.23"]
[SourceQuality "1"]

1. e4 c5 2. d4 cxd4 3. Qxd4 Nc6 4. Qd1 d6 5. c4 e6 6. Nc3 a6 7. a3 b6 8. Be3 Bb7 9. b4 Nf6 10. b5 Ne5 11. a4 a5 12. f3 Be7 13. h3 0-0 14. f4 Ng6 15. f5 Ne5 16. fxe6 fxe6 17. Qc2 Rc8 18. Qf2 Bxe4 19. Bxb6 Qd7 20. Nxe4 Nxe4 21. Qc2 d5 22. Bxa5 Nxc4 23. Bxc4 Rxc4 24. Qb2 Ng3 25. Rh2 Rf1+ 26. Kd2 Bg5+ 27. Kd3 Rxa1 28. Qxa1 Qf7 29. Nf3 Qf5# 0-1

[Event "Warsaw YMCA Summer-C 204th"]
[Site "Warsaw"]
[Date "2018.07.20"]
[Round "1"]
[White "Sloniewski, Jakub"]
[Black "Majek, Waldemar"]
[Result "1-0"]
[WhiteElo "1080"]
[BlackElo "1123"]
[PlyCount "103"]
[EventDate "2018.07.03"]
[EventType "tourn"]
[EventRounds "10"]
[EventCountry "POL"]
[SourceTitle "EXT 2021"]
[Source "ChessBase"]
[SourceDate "2020.10.23"]
[SourceVersion "1"]
[SourceVersionDate "2020.10.23"]
[SourceQuality "1"]

1. e4 e6 2. d4 d5 3. e5 c5 4. Nf3 Nc6 5. c3 Bd7 6. Be2 f6 7. exf6 Nxf6 8. Bg5 Be7 9. Ne5 0-0 10. Bxf6 Bxf6 11. Nxc6 Bxc6 12. dxc5 Qe7 13. b4 Rad8 14. 0-0 d4 15. Qc2 dxc3 16. Nxc3 Bd4 17. Rad1 Rf4 18. Bd3 Rh4 19. Rfe1 Qf6 20. Ne4 Bxe4 21. Bxe4 Rxe4 22. Rxe4 Qxf2+ 23. Qxf2 Bxf2+ 24. Kxf2 Rxd1 25. Rxe6 Kf7 26. Re3 Rd2+ 27. Re2 Rd4 28. a3 Rd3 29. Re3 Rd2+ 30. Kf3 Ra2 31. h4 h5 32. g3 Ra1 33. Kf4 Kf6 34. Ke4 Rd1 35. Rd3 Re1+ 36. Kd4 Kf5 37. b5 Re4+ 38. Kd5 Re8 39. c6 Rd8+ 40. Kc4 Rxd3 41. Kxd3 bxc6 42. bxc6 Ke6 43. Ke4 Kd6 44. Kf5 Kxc6 45. Kg5 a5 46. Kxh5 Kc5 47. Kg6 Kc4 48. Kxg7 Kb3 49. h5 Kxa3 50. h6 Kb2 51. h7 a4 52. h8Q 1-0

[Event "Warsaw YMCA Summer-C 204th"]
[Site "Warsaw"]
[Date "2018.07.17"]
[Round "3"]
[White "Sloniewski, Jakub"]
[Black "Sloniewski, Krzysztof"]
[Result "1-0"]
[WhiteElo "1080"]
[BlackElo "1117"]
[PlyCount "91"]
[EventDate "2018.07.03"]
[EventType "tourn"]
[EventRounds "10"]
[EventCountry "POL"]
[SourceTitle "EXT 2021"]
[Source "ChessBase"]
[SourceDate "2020.10.23"]
[SourceVersion "1"]
[SourceVersionDate "2020.10.23"]
[SourceQuality "1"]

1. e4 b6 2. d4 Bb7 3. Nc3 Nc6 4. Nf3 d6 5. Bb5 a6 6. Bxc6+ Bxc6 7. d5 Bb7 8. 0-0 Qd7 9. Be3 e5 10. a4 Nf6 11. Qd3 Be7 12. Ne2 c5 13. c4 0-0 14. h3 Rfb8 15. Nc3 Qe8 16. Rfb1 Bc8 17. b4 Bd7 18. b5 axb5 19. cxb5 Qc8 20. Nd2 Bxh3 21. gxh3 Qxh3 22. Qf1 Qh5 23. Qe2 Qg6+ 24. Kf1 Ng4 25. f3 Nxe3+ 26. Qxe3 Bh4 27. Ke2 Qg3 28. Rg1 Qh2+ 29. Kd3 Bf2 30. Rh1 Qxh1 31. Rxh1 Bxe3 32. Kxe3 Rf8 33. Nc4 f5 34. Nxb6 Ra7 35. Nc4 Rd7 36. a5 f4+ 37. Kf2 g5 38. Rh5 Rff7 39. Rxg5+ Rg7 40. Rxg7+ Kxg7 41. b6 Kf6 42. a6 h5 43. b7 h4 44. b8Q Kg6 45. Qg8+ Kh6 46. Qe6+ 1-0

[Event "Warsaw YMCA Summer-C 204th"]
[Site "Warsaw"]
[Date "2018.07.10"]
[Round "2"]
[White "Krowicki, Przemyslaw"]
[Black "Sloniewski, Jakub"]
[Result "0-1"]
[WhiteElo "1127"]
[BlackElo "1080"]
[PlyCount "60"]
[EventDate "2018.07.03"]
[EventType "tourn"]
[EventRounds "10"]
[EventCountry "POL"]
[SourceTitle "EXT 2021"]
[Source "ChessBase"]
[SourceDate "2020.10.23"]
[SourceVersion "1"]
[SourceVersionDate "2020.10.23"]
[SourceQuality "1"]

1. e4 c5 2. f4 Nc6 3. Nf3 g6 4. c3 d5 5. e5 f6 6. d4 cxd4 7. cxd4 fxe5 8. Nxe5 Nxe5 9. fxe5 e6 10. Bb5+ Bd7 11. Bxd7+ Qxd7 12. 0-0 0-0-0 13. Bg5 Be7 14. Qc1+ Kb8 15. Nc3 h6 16. Bxe7 Nxe7 17. Rf7 g5 18. Qf1 Qe8 19. Qf6 Nf5 20. Ne2 Rc8 21. g4 Ne3 22. Re7 Qb5 23. Qf3 Qxb2 24. Re1 Nc2 25. Rf1 Nxd4 26. Nxd4 Qxd4+ 27. Rf2 Rhf8 28. Rf7 Rxf7 29. Qxf7 Rc1+ 30. Kg2 Qxg4# 0-1

[Event "Warsaw YMCA Spring-D 201st"]
[Site "Warsaw"]
[Date "2018.05.29"]
[Round "9"]
[White "Kochanek, Tomasz"]
[Black "Sloniewski, Jakub"]
[Result "1-0"]
[WhiteElo "1334"]
[BlackElo "1184"]
[PlyCount "31"]
[EventDate "2018.04.05"]
[EventType "tourn"]
[EventRounds "13"]
[EventCountry "POL"]
[SourceTitle "EXT 2021"]
[Source "ChessBase"]
[SourceDate "2020.10.23"]
[SourceVersion "1"]
[SourceVersionDate "2020.10.23"]
[SourceQuality "1"]

1. e4 d5 2. exd5 Nf6 3. d4 Nxd5 4. c4 Nb6 5. Nf3 Bf5 6. Bd3 Bxd3 7. Qxd3 g6 8. Qb3 Qc8 9. c5 N6d7 10. Ng5 e6 11. 0-0 Bg7 12. Nxe6 fxe6 13. Qxe6+ Kf8 14. Re1 Bf6 15. Bh6+ Bg7 16. Qe7+ 1-0

[Event "Warsaw YMCA Spring-D 201st"]
[Site "Warsaw"]
[Date "2018.05.17"]
[Round "7"]
[White "Jaroszuk, Marcin"]
[Black "Sloniewski, Jakub"]
[Result "1-0"]
[WhiteElo "1283"]
[BlackElo "1184"]
[PlyCount "95"]
[EventDate "2018.04.05"]
[EventType "tourn"]
[EventRounds "13"]
[EventCountry "POL"]
[SourceTitle "EXT 2021"]
[Source "ChessBase"]
[SourceDate "2020.10.23"]
[SourceVersion "1"]
[SourceVersionDate "2020.10.23"]
[SourceQuality "1"]

1. Nf3 f5 2. g3 Nf6 3. Bg2 g6 4. 0-0 Bg7 5. d4 0-0 6. c4 d6 7. Nc3 Qe8 8. b3 e5 9. dxe5 dxe5 10. e4 f4 11. Nd5 Nxd5 12. cxd5 c6 13. Ba3 Rf7 14. Ng5 Rf6 15. dxc6 Nxc6 16. Re1 h6 17. Nf3 Bg4 18. Bb2 Rd8 19. Qe2 Rfd6 20. Rad1 Qd7 21. Rxd6 Qxd6 22. Qc4+ Kh7 23. Qd5 Bxf3 24. Qxd6 Rxd6 25. Bxf3 Rd2 26. Re2 Rxe2 27. Bxe2 fxg3 28. hxg3 Nd4 29. Bxd4 exd4 30. f4 g5 31. Bh5 Bf8 32. Kf2 Kg7 33. e5 Bc5 34. Ke2 d3+ 35. Kxd3 Bf2 36. Ke4 Bxg3 37. f5 g4 38. Kd5 Bh4 39. Bxg4 Kf7 40. Kd6 Bg3 41. Bh5+ Kf8 42. Ke6 Be1 43. Kd7 Bc3 44. Ke6 a5 45. f6 b6 46. Kf5 Bb4 47. e6 b5 48. Ke4 1-0

[Event "Warsaw YMCA Autumn-D 193rd"]
[Site "Warsaw"]
[Date "2017.11.28"]
[Round "11"]
[White "Sloniewski, Jakub"]
[Black "Papis, Mateusz"]
[Result "0-1"]
[WhiteElo "1148"]
[BlackElo "1219"]
[PlyCount "76"]
[EventDate "2017.09.19"]
[EventType "tourn"]
[EventRounds "13"]
[EventCountry "POL"]
[SourceTitle "EXT 2019"]
[Source "ChessBase"]
[SourceDate "2018.10.10"]
[SourceVersion "1"]
[SourceVersionDate "2018.10.10"]
[SourceQuality "1"]

1. e4 e5 2. Nf3 Nf6 3. Nxe5 d6 4. Nf3 Nxe4 5. Nc3 Nxc3 6. dxc3 Be7 7. Be3 0-0 8. Qd2 Bd7 9. 0-0-0 Nc6 10. Bd3 a5 11. h4 a4 12. a3 Ra5 13. Rdg1 Bg4 14. Nh2 Be6 15. Nf3 Bg4 16. Nh2 Be6 17. g4 Ne5 18. f4 Nxd3+ 19. cxd3 Bd5 20. c4 Bxh1 21. Qxa5 Bc6 22. h5 f6 23. h6 g6 24. f5 g5 25. d4 b6 26. Qc3 d5 27. Re1 Re8 28. c5 Bb5 29. Nf1 Bf8 30. Ng3 Bc4 31. Bf2 Rxe1+ 32. Qxe1 Qe7 33. Qd2 Bxh6 34. Kc2 Bf8 35. cxb6 cxb6 36. Kc3 Kf7 37. Be3 Qc7 38. Kc2 Qxg3 0-1

[Event "Warsaw YMCA Autumn-D 193rd"]
[Site "Warsaw"]
[Date "2017.10.31"]
[Round "7"]
[White "Sloniewski, Jakub"]
[Black "Derylo, Adam"]
[Result "1-0"]
[WhiteElo "1148"]
[BlackElo "1299"]
[PlyCount "53"]
[EventDate "2017.09.19"]
[EventType "tourn"]
[EventRounds "13"]
[EventCountry "POL"]
[SourceTitle "EXT 2019"]
[Source "ChessBase"]
[SourceDate "2018.10.10"]
[SourceVersion "1"]
[SourceVersionDate "2018.10.10"]
[SourceQuality "1"]

1. e4 c5 2. Nf3 Nc6 3. d4 cxd4 4. Nxd4 g6 5. Nc3 Bg7 6. Be3 Nf6 7. Bc4 0-0 8. 0-0 Nxe4 9. Bxf7+ Rxf7 10. Nxe4 Qc7 11. c3 b6 12. Qb3 e6 13. Nb5 Qe5 14. Nbd6 Rf8 15. Bg5 Na5 16. Qc2 Nb7 17. Be7 Rf4 18. Rfe1 Qd5 19. Qc1 Be5 20. Qxf4 Bxf4 21. Nf6+ Kg7 22. Nxd5 Bxd6 23. Bxd6 Nxd6 24. Nc7 Rb8 25. Rad1 Nf5 26. Nb5 Ba6 27. Rxd7+ 1-0

[Event "Warsaw YMCA Summer-C 189th"]
[Site "Warsaw"]
[Date "2017.08.08"]
[Round "9"]
[White "Szopa, Andrzej"]
[Black "Sloniewski, Jakub"]
[Result "0-1"]
[WhiteElo "1079"]
[BlackElo "1099"]
[PlyCount "110"]
[EventDate "2017.07.04"]
[EventType "tourn"]
[EventRounds "10"]
[EventCountry "POL"]
[SourceTitle "EXT 2019"]
[Source "ChessBase"]
[SourceDate "2018.10.10"]
[SourceVersion "1"]
[SourceVersionDate "2018.10.10"]
[SourceQuality "1"]

1. e4 d5 2. exd5 Nf6 3. c4 c6 4. dxc6 Nxc6 5. Nf3 Bg4 6. h3 Bh5 7. Be2 e6 8. 0-0 Bc5 9. Nh4 Ne4 10. Bxh5 Qxh4 11. Qf3 Ne5 12. Qe2 Nxf2 13. Rxf2 Qxf2+ 14. Qxf2 Bxf2+ 15. Kxf2 Nd3+ 16. Ke3 Nxc1 17. Na3 Nxa2 18. Rxa2 g6 19. Bf3 0-0-0 20. d4 Rhe8 21. Ke4 Re7 22. Nc2 b6 23. Ke5 Rc7 24. b3 a5 25. Be2 Rdd7 26. b4 axb4 27. Nxb4 Kd8 28. Ra8+ Ke7 29. Na6 Ra7 30. Rxa7 Rxa7 31. Nb4 f6+ 32. Ke4 Ra4 33. Nc2 Ra2 34. Bd3 f5+ 35. Kf4 h6 36. h4 Kd6 37. g4 Ra5 38. Ne3 g5+ 39. hxg5 hxg5+ 40. Kf3 Ra3 41. Be2 f4 42. Kf2 Rxe3 43. Bf3 Rxf3+ 44. Kxf3 e5 45. Ke4 exd4 46. Kxd4 Kc6 47. Ke4 Kc5 48. Kf5 f3 49. Kxg5 f2 50. Kg6 f1Q 51. g5 Kd6 52. Kg7 Ke7 53. Kg6 Qf4 54. Kh6 Kf7 55. Kh5 Kg7 0-1

[Event "Warsaw YMCA Summer-C 189th"]
[Site "Warsaw"]
[Date "2017.07.27"]
[Round "6"]
[White "Wasilewski, Orhan"]
[Black "Sloniewski, Jakub"]
[Result "1-0"]
[WhiteElo "1350"]
[BlackElo "1099"]
[PlyCount "43"]
[EventDate "2017.07.04"]
[EventType "tourn"]
[EventRounds "10"]
[EventCountry "POL"]
[SourceTitle "EXT 2019"]
[Source "ChessBase"]
[SourceDate "2018.10.10"]
[SourceVersion "1"]
[SourceVersionDate "2018.10.10"]
[SourceQuality "1"]

1. e4 d5 2. d4 dxe4 3. Nc3 Nf6 4. Bc4 Nc6 5. d5 Ne5 6. Bb3 Bg4 7. f3 exf3 8. gxf3 Bh5 9. Bf4 Ng6 10. Bg3 a6 11. Qe2 c6 12. 0-0-0 Qd7 13. dxc6 Qxc6 14. Ba4 b5 15. Nxb5 Rc8 16. Nc7+ Rxc7 17. Bxc7 Qd7 18. Rxd7 Nxd7 19. Qd3 Nge5 20. Bxe5 Bg4 21. fxg4 Kd8 22. Qxd7# 1-0

[Event "Warsaw YMCA Summer-C 189th"]
[Site "Warsaw"]
[Date "2017.07.20"]
[Round "2"]
[White "Sloniewski, Jakub"]
[Black "Oles, Jan"]
[Result "0-1"]
[WhiteElo "1099"]
[BlackElo "1254"]
[PlyCount "108"]
[EventDate "2017.07.04"]
[EventType "tourn"]
[EventRounds "10"]
[EventCountry "POL"]
[SourceTitle "EXT 2019"]
[Source "ChessBase"]
[SourceDate "2018.10.10"]
[SourceVersion "1"]
[SourceVersionDate "2018.10.10"]
[SourceQuality "1"]

1. e4 c6 2. Nf3 e6 3. d4 h6 4. Bc4 Nf6 5. Nc3 Bb4 6. e5 Bxc3+ 7. bxc3 Nd5 8. Bxd5 cxd5 9. Ba3 Nc6 10. Qd3 Qa5 11. Bd6 b6 12. 0-0 Ba6 13. Qd2 Bxf1 14. Kxf1 Qb5+ 15. Ke1 Qb2 16. Qd1 Qxc3+ 17. Kf1 Nb4 18. a3 Nxc2 19. Rc1 Rc8 20. Ne1 Ne3+ 21. fxe3 Qxc1 22. Qxc1 Rxc1 23. Ke2 f6 24. exf6 gxf6 25. Bb8 a5 26. Ba7 b5 27. Bc5 Rxc5 28. dxc5 b4 29. axb4 axb4 30. Nd3 b3 31. Kd2 Ke7 32. Kc3 Rb8 33. Kb2 e5 34. Nc1 d4 35. exd4 exd4 36. Nxb3 d3 37. Kc3 Ke6 38. Nd4+ Kd5 39. Kxd3 Kxc5 40. Nf5 h5 41. Ng3 h4 42. Ne4+ Kc6 43. Nxf6 Rb2 44. g3 h3 45. Ng4 d5 46. Kc3 Re2 47. Kd3 Rg2 48. Ne5+ Kc5 49. Nf3 d4 50. Nxd4 Rxh2 51. Ke3 Rg2 52. Ne6+ Kd6 53. Nf4 h2 54. Nxg2 h1Q 0-1